Loading...
| Literature - British | 0 | 9 | 1 | 0 | 85 | 41 | 82.00 | 2 | 7 | 34.24 | 59.09 |
| Science - Chemistry | 0 | 8 | 1 | 0 | 75 | 17 | 48.63 | 1 | 7 | 41.04 | 53.41 |
| Science - Biology | 0 | 8 | 1 | 2 | 75 | 22 | 72.63 | 3 | 5 | 26.11 | 51.14 |
| Literature - World | 0 | 7 | 0 | 0 | 70 | 44 | 87.71 | 2 | 5 | 23.38 | 44.32 |
| Fine Arts - Classical Music | 0 | 7 | 0 | 1 | 70 | 80 | 103.14 | 0 | 3 | 10.58 | 37.50 |
| Fine Arts - Painting and Sculpture | 0 | 5 | 0 | 0 | 50 | 67 | 77.60 | 2 | 5 | 17.82 | 38.64 |
| Literature - American | 0 | 4 | 0 | 0 | 40 | 24 | 62.75 | 1 | 3 | 20.05 | 28.41 |
| Literature - European | 0 | 4 | 1 | 0 | 35 | 83 | 96.25 | 1 | 1 | 12.55 | 25.00 |
| Science - Physics | 0 | 5 | 4 | 0 | 30 | 44 | 83.60 | 0 | 2 | 13.24 | 22.73 |
| Religion | 0 | 3 | 1 | 1 | 25 | 82 | 99.33 | 0 | 2 | 5.50 | 15.91 |
| Fine Arts - Other | 0 | 3 | 1 | 0 | 25 | 60 | 74.00 | 1 | 2 | 11.35 | 19.32 |
| History - American | 0 | 2 | 0 | 0 | 20 | 77 | 83.50 | 0 | 0 | 4.94 | 5.68 |
| Other Academic | 0 | 2 | 1 | 0 | 15 | 50 | 51.50 | 1 | 2 | 29.51 | 46.88 |
| History - European | 0 | 1 | 0 | 0 | 10 | 70 | 70.00 | 0 | 0 | 3.51 | 5.68 |
| Current Events | 0 | 1 | 0 | 0 | 10 | 37 | 37.00 | 0 | 0 | 23.70 | 20.83 |
| Science - Other | 0 | 0 | 3 | 0 | -15 | 0.00 | 0 | 0 | 0.00 | 0.00 |